000 03737cam a2200325 4500500
005 20251228072426.0
041 _afre
042 _adc
100 1 0 _aNeri, Claudio
_eauthor
245 0 0 _aRêver un sentiment
260 _c2014.
500 _a70
520 _aLe contact avec l’inconnu et le non-connu est fondamental pour maintenir un bon fonctionnement de la psyché.Bion suggère d’employer le concept d’évolution en O (la chose en soi, la divinité, la mère) en le distinguant de la transformation K ( Knowledge, la connaissance, le savoir à propos de quelque chose).La prise de contact avec l’inconnu et le fait de rester en rapport avec son évolution sont essentiels dans la psychothérapie psychanalytique de groupe. Dans le dispositif de groupe, toutefois, le contact et le maintien de ce rapport s’expriment dans des formes et des modalités différentes de celles de la cure.Je présenterai une séquence clinique de quatre séances qui permettra de suivre – suffisamment en détail – le processus à l’intérieur d’un groupe et de reconnaître les effets thérapeutiques et la transformation personnelle des participants que ce processus entraîne.
520 _aDreaming a feelingContact with the known and the unknown is fundamental for maintaining good psychic functioning. Bion suggests employing the concept of evolution in O (the thing in itself, divinity, the mother) while distinguishing it from the transformation K (Knowledge, knowledge about something). Coming into contact with the unknown and the fact of remaining in contact with its evolution are essential in group psychoanalytic psychotherapy. In the group setting, however, the contact with and preservation of this contact are expressed in forms and modalities that are different from those of the standard treatment.I will present a clinical sequence of four sessions which will make it possible to follow – in sufficient detail – the process within a group and to recognise the therapeutic effects and the personal transformation of the participants that this process entails.
520 _aEl contacto con lo desconocido y lo no -conocido es fundamental para mantener un buen funcionamiento de la psique.Bion sugiere de emplear el concepto de evolución en O (la cosa en si, la divinidad, la madre) distinguiéndolo de la transformación K ( Knowledge, el conocimiento, el saber a propósito de alguna cosa).La toma de contacto con lo desconocido y el hecho de quedar en relación con su evolución son esencial en la psicoterapia psicoanalítica de grupo. en el dispositivo de grupo, sin embargo, el contacto y le mantenimiento de esta relación se expresan en unas formas y modalidades diferentes de las de la cura.Presentaré una secuencia clínica de cuatro sesiones que permitirá de seguir – bastante en detal­le – el proceso al interior de un grupo y reconocer les efectos terapéuticos y la transformación personal de los participantes que este proceso conlleva.
690 _acapacité négative de l'analyste
690 _acœur pulsant du nuage
690 _aécoute des processus inconscients
690 _aévolution en O
690 _aInconscient
690 _anuage de pensées non pensées
690 _acloud of unthought thoughts
690 _aevolution in O
690 _alistening to unconscious processes
690 _apulsating heart of the cloud
690 _athe analyst's negative capacity
690 _aUnconscious
786 0 _nRevue de psychothérapie psychanalytique de groupe | 62 | 1 | 2014-04-01 | p. 99-108 | 0297-1194
856 4 1 _uhttps://shs.cairn.info/revue-de-psychotherapie-psychanalytique-de-groupe-2014-1-page-99?lang=fr&redirect-ssocas=7080
999 _c1593941
_d1593941